000 00605nam a22001817a 4500
003 OSt
005 20211115151918.0
008 211115b ||||| |||| 00| 0 eng d
022 _20975-8178
_a0975-8178
040 _cInternational Science Press
222 _aInternational Journal of Image Processing and Applications
245 _aInternational Journal of Image Processing and Applications
_hEnglish
260 _aHaryana
_bInternational Science Press
310 _aBi-Annual
650 _aImage Processing
_vPeriodical
_910415
655 _2Image processing
_aPeriodical
_910416
942 _2ddc
_cPR
_s1
999 _c220598
_d220598